[Event "Paleochora op 11th"]
[Site "Paleochora"]
[Date "2018.07.23"]
[Round "7"]
[White "Kursova, Maria"]
[Black "Koerant, Filipos"]
[Result "1-0"]
[WhiteElo "2319"]
[BlackElo "1811"]
[PlyCount "71"]
[EventDate "2018.07.18"]
[EventType "swiss"]
[EventRounds "9"]
[EventCountry "GRE"]
[SourceTitle "CBM 186 Extra"]
[Source "ChessBase"]
[SourceDate "2018.08.24"]
[SourceVersion "1"]
[SourceVersionDate "2018.08.24"]
[SourceQuality "1"]

1. d4 Nf6 2. Nf3 d5 3. c4 dxc4 4. e3 Bg4 5. Bxc4 e6 6. Nc3 Nc6 7. Bb5 Be7 8. h3 Bxf3 9. Qxf3 Qd6 10. 0-0 0-0 11. Rd1 Nb4 12. e4 e5 13. dxe5 Qxe5 14. Bf4 Qh5 15. Qxh5 Nxh5 16. Bxc7 Rfc8 17. Rd7 Kf8 18. Rad1 a6 19. Be2 Nf6 20. Rxe7 Kxe7 21. Bd6+ Ke6 22. Bxb4 Rc6 23. f4 h5 24. e5 Nh7 25. Bxh5 f5 26. Bf3 a5 27. Bxc6 axb4 28. Bxb7 Ra7 29. Bd5+ Ke7 30. Nb5 Ra5 31. Nd6 g6 32. Bb3 Nf8 33. Nc8+ Ke8 34. e6 Ra8 35. Rc1 Nh7 36. Bd5 1-0

[Event "Ambelokipi op 166th"]
[Site "Athens"]
[Date "2017.11.22"]
[Round "4"]
[White "Nikolaou, Georgios"]
[Black "Koerant, Filipos"]
[Result "1-0"]
[WhiteElo "2231"]
[BlackElo "1874"]
[PlyCount "77"]
[EventDate "2017.11.01"]
[EventType "swiss"]
[EventRounds "7"]
[EventCountry "GRE"]
[SourceTitle "EXT 2024"]
[Source "ChessBase"]
[SourceDate "2023.10.10"]
[SourceVersion "1"]
[SourceVersionDate "2023.10.10"]
[SourceQuality "1"]

1. d4 d6 2. Nf3 Bg4 3. c4 c6 4. Nbd2 Nd7 5. b3 Ngf6 6. Bb2 e6 7. e3 Qa5 8. Bd3 d5 9. 0-0 Bd6 10. Qc2 0-0 11. Ne5 Bf5 12. Bxf5 exf5 13. Bc3 Bb4 14. Bxb4 Qxb4 15. Nxd7 Nxd7 16. a3 Qa5 17. b4 Qc7 18. cxd5 Nf6 19. dxc6 Rac8 20. Rac1 bxc6 21. Qxf5 Qe7 22. Rc5 g6 23. Qf3 Nd5 24. Rfc1 Qe6 25. b5 Nb6 26. bxc6 Qa2 27. Ne4 f5 28. Nd6 Rcd8 29. Nb7 Rde8 30. c7 f4 31. e4 Qe6 32. d5 Qf6 33. Rc6 Qe5 34. d6 Rf7 35. Nd8 Rf6 36. Qb3+ Kg7 37. Qc3 Qxe4 38. Rxb6 axb6 39. d7 1-0

[Event "Athens ChessSquare Autumn op"]
[Site "Athens"]
[Date "2016.09.10"]
[Round "1"]
[White "Koerant, Filipos"]
[Black "Karatzanos, Konstantinos"]
[Result "1-0"]
[WhiteElo "1194"]
[BlackElo "1205"]
[PlyCount "49"]
[EventDate "2016.09.10"]
[EventType "swiss"]
[EventRounds "7"]
[EventCountry "GRE"]
[SourceTitle "EXT 2024"]
[Source "ChessBase"]
[SourceDate "2023.10.10"]
[SourceVersion "1"]
[SourceVersionDate "2023.10.10"]
[SourceQuality "1"]

1. d4 d5 2. c4 e6 3. Nc3 Nf6 4. Nf3 Be7 5. Bf4 a6 6. e3 0-0 7. Rc1 Nbd7 8. h3 b6 9. cxd5 exd5 10. Bd3 Bb7 11. 0-0 Rc8 12. Qe2 b5 13. Ne5 Nxe5 14. Bxe5 Nd7 15. Bg3 Nb6 16. Rfd1 Bd6 17. Qg4 Bxg3 18. Qxg3 c5 19. dxc5 Rxc5 20. Ne2 Rxc1 21. Rxc1 Qf6 22. Qc7 Ba8 23. Nd4 Rc8 24. Qxc8+ Nxc8 25. Rxc8+ 1-0

[Event "Athens Iraklion op 19th"]
[Site "Athens"]
[Date "2016.06.22"]
[Round "5"]
[White "Nikolaou, Georgios"]
[Black "Koerant, Filipos"]
[Result "1-0"]
[WhiteElo "2272"]
[BlackElo "1878"]
[PlyCount "53"]
[EventDate "2016.06.18"]
[EventType "swiss"]
[EventRounds "9"]
[EventCountry "GRE"]
[SourceTitle "CBM 173 Extra"]
[Source "ChessBase"]
[SourceDate "2016.08.29"]
[SourceVersion "1"]
[SourceVersionDate "2016.08.29"]
[SourceQuality "1"]

1. d4 Nf6 2. c4 e6 3. Nf3 c5 4. d5 b5 5. dxe6 fxe6 6. cxb5 Bb7 7. Nbd2 d5 8. g3 Bd6 9. Bg2 0-0 10. 0-0 Qe7 11. e4 Nbd7 12. Qe2 dxe4 13. Ng5 Ne5 14. Ndxe4 h6 15. Nxf6+ gxf6 16. Ne4 f5 17. Nxd6 Bxg2 18. Qxe5 Bxf1 19. Kxf1 Rad8 20. Bf4 Rf6 21. Re1 c4 22. a4 Rg6 23. h4 h5 24. Qxf5 Rf6 25. Qg5+ Kf8 26. Ne4 Rf5 27. Qxe7+ 1-0

[Event "Athens Georgiou Memorial 2nd"]
[Site "Athens"]
[Date "2016.03.19"]
[Round "3"]
[White "Nikolaou, Georgios"]
[Black "Koerant, Filipos"]
[Result "1-0"]
[WhiteElo "2318"]
[BlackElo "1902"]
[PlyCount "71"]
[EventDate "2016.02.27"]
[EventType "swiss"]
[EventRounds "7"]
[EventCountry "GRE"]
[SourceTitle "EXT 2024"]
[Source "ChessBase"]
[SourceDate "2023.10.10"]
[SourceVersion "1"]
[SourceVersionDate "2023.10.10"]
[SourceQuality "1"]

1. d4 d5 2. Nf3 Nf6 3. c4 dxc4 4. e3 Bg4 5. Bxc4 e6 6. Qb3 Bxf3 7. gxf3 Nbd7 8. Qxb7 c5 9. dxc5 Bxc5 10. Qb3 Rb8 11. Qc2 0-0 12. Be2 Nd5 13. a3 Qa5+ 14. Bd2 Bb4 15. 0-0 Bxd2 16. Nxd2 Rfc8 17. Nc4 Ne5 18. Rfc1 Rxc4 19. Bxc4 Nxf3+ 20. Kg2 Nf4+ 21. exf4 Qh5 22. h3 Nh4+ 23. Kh2 Nf3+ 24. Kg3 g5 25. Qe4 g4 26. hxg4 Qh2+ 27. Kxf3 Qh3+ 28. Ke2 Rxb2+ 29. Rc2 Qxg4+ 30. Kd2 Rb8 31. Bd3 Rd8 32. Qxh7+ Kf8 33. Qh8+ Ke7 34. Rc7+ Rd7 35. Rxd7+ Kxd7 36. Qd4+ 1-0

[Event "Ambelokipi op 152th"]
[Site "Athens"]
[Date "2015.04.22"]
[Round "6"]
[White "Balokas, Dimitrios"]
[Black "Koerant, Filipos"]
[Result "1-0"]
[WhiteElo "2003"]
[BlackElo "1897"]
[PlyCount "33"]
[EventDate "2015.03.04"]
[EventType "swiss"]
[EventRounds "7"]
[EventCountry "GRE"]
[SourceTitle "EXT 2024"]
[Source "ChessBase"]
[SourceDate "2023.10.10"]
[SourceVersion "1"]
[SourceVersionDate "2023.10.10"]
[SourceQuality "1"]

1. d4 d5 2. c4 dxc4 3. e3 e5 4. Bxc4 exd4 5. Nf3 Bb4+ 6. Bd2 Bxd2+ 7. Qxd2 Nc6 8. 0-0 dxe3 9. Qxe3+ Qe7 10. Qb3 Nf6 11. Re1 Ne4 12. Bd5 f5 13. Nc3 Bd7 14. Nxe4 0-0-0 15. Neg5 Qf6 16. Nf7 Na5 17. Qc3 1-0

[Event "Ambelokipi op 151st"]
[Site "Athens"]
[Date "2015.02.25"]
[Round "7"]
[White "Koerant, Filipos"]
[Black "Ilandzis, Spyridon"]
[Result "0-1"]
[WhiteElo "1880"]
[BlackElo "2129"]
[PlyCount "36"]
[EventDate "2015.01.14"]
[EventType "swiss"]
[EventRounds "7"]
[EventCountry "GRE"]
[SourceTitle "EXT 2016"]
[Source "ChessBase"]
[SourceDate "2015.10.08"]
[SourceVersion "1"]
[SourceVersionDate "2015.10.08"]
[SourceQuality "1"]

1. d4 Nf6 2. c4 e5 3. dxe5 Ng4 4. e3 Nxe5 5. Nh3 Bc5 6. Nc3 0-0 7. Nf4 Re8 8. Be2 d6 9. 0-0 a6 10. a3 Nbc6 11. b4 Ba7 12. Bb2 Ng6 13. Ncd5 Nce5 14. Qd2 c6 15. Nxg6 Nxg6 16. Nc3 Qh4 17. g3 Qh3 18. Qxd6 Nh4 0-1

[Event "Nikaia op 22nd"]
[Site "Nikaia"]
[Date "2014.08.27"]
[Round "2"]
[White "Goumas, Georgios"]
[Black "Koerant, Filipos"]
[Result "1-0"]
[WhiteElo "2371"]
[BlackElo "1923"]
[PlyCount "103"]
[EventDate "2014.08.26"]
[EventType "swiss"]
[EventRounds "9"]
[EventCountry "GRE"]
[SourceTitle "CBM 162 Extra"]
[Source "ChessBase"]
[SourceDate "2014.10.17"]
[SourceVersion "1"]
[SourceVersionDate "2014.10.17"]
[SourceQuality "1"]

1. e4 c5 2. Nf3 a6 3. c3 e6 4. d4 d5 5. e5 Bd7 6. Bd3 cxd4 7. cxd4 Bb5 8. Bc2 Bb4+ 9. Nc3 a5 10. a3 Bxc3+ 11. bxc3 Ne7 12. a4 Ba6 13. Ba3 h6 14. h4 Qc7 15. Qd2 Nd7 16. Bd3 Bxd3 17. Qxd3 Rc8 18. 0-0 Qc4 19. Qb1 Qa6 20. Rc1 Nb6 21. Nd2 Nc4 22. Nxc4 dxc4 23. Bxe7 Kxe7 24. Qe4 Qc6 25. Qg4 Rhg8 26. Rcb1 f5 27. Qg6 Rc7 28. Rb5 Qe8 29. Qg3 g5 30. Rab1 f4 31. Qg4 gxh4 32. Qxh4+ Kd7 33. Rxb7 Rxb7 34. Rxb7+ Kc8 35. Re7 Qc6 36. f3 Qxa4 37. Qh3 Rg6 38. Rxe6 Rxe6 39. Qxe6+ Kb8 40. Kh2 Qb5 41. Qd6+ Kc8 42. e6 Qg5 43. Qc6+ Kb8 44. Qe4 Qe7 45. Qxf4+ Qc7 46. Kg3 Qxf4+ 47. Kxf4 Kc7 48. Ke3 a4 49. Kd2 Kd6 50. d5 a3 51. Kc2 h5 52. g3 1-0

[Event "Peristeri op A"]
[Site "Peristeri"]
[Date "2014.06.07"]
[Round "7"]
[White "Gkoulios, Konstantinos"]
[Black "Koerant, Filipos"]
[Result "1/2-1/2"]
[WhiteElo "1812"]
[BlackElo "1926"]
[PlyCount "129"]
[EventDate "2014.04.23"]
[EventType "swiss"]
[EventRounds "7"]
[EventCountry "GRE"]
[SourceTitle "EXT 2024"]
[Source "ChessBase"]
[SourceDate "2023.10.10"]
[SourceVersion "1"]
[SourceVersionDate "2023.10.10"]
[SourceQuality "1"]

1. e4 c5 2. Nf3 a6 3. Nc3 b5 4. d4 cxd4 5. Nxd4 Bb7 6. Bg5 g6 7. Qd2 Bg7 8. f3 Nc6 9. Nxc6 dxc6 10. 0-0-0 Qxd2+ 11. Rxd2 Nf6 12. Be2 Nd7 13. Rhd1 Nb6 14. Be3 Bxc3 15. bxc3 Na4 16. Rd7 Nxc3 17. Rxb7 Nxe2+ 18. Kb2 c5 19. Bxc5 0-0 20. Bxe7 Rfc8 21. Bf6 Rc6 22. Rd8+ Rxd8 23. Bxd8 Kg7 24. Rb6 Rc4 25. Rxa6 Rb4+ 26. Ka3 Rc4 27. Bf6+ Kh6 28. Kb3 Nf4 29. g3 Ne6 30. Kb2 Nc5 31. Ra7 g5 32. h4 g4 33. fxg4 Rb4+ 34. Kc1 Rxe4 35. Rc7 Rc4 36. Kd1 Kg6 37. Rc6 Rxg4 38. Be5+ Ne6 39. Rb6 Ra4 40. Rxb5 Rxa2 41. Kd2 Kf5 42. Bf4+ Kg4 43. Be5 Kf5 44. Bd6+ Kg4 45. Kd3 Ra6 46. Be5 h6 47. Rb4+ Kf5 48. Bf4 Ra3+ 49. Rb3 Nc5+ 50. Kc4 Nxb3 51. cxb3 h5 52. b4 Ke6 53. b5 Kd7 54. b6 Kc6 55. Bc7 Rf3 56. Kd4 Rf6 57. Ke5 Rg6 58. Kf5 Kb7 59. Kf4 Rg4+ 60. Kf5 Rg6 61. Kf4 Kc8 62. Kf5 Kd7 63. Kf4 Kc6 64. Kf5 Kb7 65. Kf4 1/2-1/2

[Event "Peristeri op A"]
[Site "Peristeri"]
[Date "2014.05.31"]
[Round "6"]
[White "Koerant, Filipos"]
[Black "Terzakis, Athanasios"]
[Result "0-1"]
[WhiteElo "1926"]
[BlackElo "1721"]
[PlyCount "74"]
[EventDate "2014.04.23"]
[EventType "swiss"]
[EventRounds "7"]
[EventCountry "GRE"]
[SourceTitle "EXT 2024"]
[Source "ChessBase"]
[SourceDate "2023.10.10"]
[SourceVersion "1"]
[SourceVersionDate "2023.10.10"]
[SourceQuality "1"]

1. d4 Nf6 2. c4 e6 3. g3 Be7 4. Bg2 d5 5. Nf3 0-0 6. 0-0 b6 7. cxd5 exd5 8. Nc3 Bb7 9. Ne5 Nbd7 10. Bg5 Ne4 11. Nxe4 dxe4 12. Bxe7 Qxe7 13. Nxd7 Qxd7 14. e3 Rac8 15. Qc2 c5 16. Bxe4 cxd4 17. Bxh7+ Kh8 18. Qf5 Qc6 19. e4 g6 20. Qh3 Kg7 21. f3 Rh8 22. Rac1 Qe6 23. Qxe6 fxe6 24. Bxg6 Kxg6 25. Rfd1 e5 26. f4 Bxe4 27. fxe5 Rxc1 28. Rxc1 Kf5 29. Rc7 a5 30. Re7 Rd8 31. e6 Kf6 32. Rd7 Rxd7 33. exd7 Ke7 34. g4 Kxd7 35. h4 Ke6 36. Kf2 Ke5 37. h5 Kf4 0-1

[Event "Athens Kaisariani op 1st"]
[Site "Athens"]
[Date "2013.12.27"]
[Round "6"]
[White "Koerant, Filipos"]
[Black "Skalkotas, Nikolaos"]
[Result "1-0"]
[WhiteElo "1951"]
[BlackElo "2168"]
[PlyCount "61"]
[EventDate "2013.12.21"]
[EventType "swiss"]
[EventRounds "9"]
[EventCountry "GRE"]
[SourceTitle "EXT 2015"]
[Source "ChessBase"]
[SourceDate "2014.11.20"]
[SourceVersion "1"]
[SourceVersionDate "2014.11.20"]
[SourceQuality "1"]

1. d4 Nf6 2. c4 e6 3. g3 d5 4. Bg2 dxc4 5. Nf3 Nc6 6. 0-0 a6 7. Nc3 Bb4 8. Ne5 Nxe5 9. Qa4+ Ned7 10. Qxb4 Nb6 11. Bf4 Nfd5 12. Nxd5 Nxd5 13. Bxd5 exd5 14. e4 dxe4 15. Rfe1 Be6 16. Rxe4 Qd5 17. Rae1 c5 18. dxc5 0-0 19. Bd6 Rfc8 20. Re5 Qc6 21. Qc3 h6 22. f4 Bh3 23. R1e2 Bg4 24. R2e3 b6 25. Re7 Bh3 26. Re2 Re8 27. Rxe8+ Rxe8 28. Rxe8+ Qxe8 29. Qe5 Qc6 30. Qe2 Qd5 31. Kf2 1-0

[Event "Athens Kaisariani op 1st"]
[Site "Athens"]
[Date "2013.12.26"]
[Round "5"]
[White "Poulos, Georgios"]
[Black "Koerant, Filipos"]
[Result "0-1"]
[WhiteElo "2047"]
[BlackElo "1951"]
[PlyCount "135"]
[EventDate "2013.12.21"]
[EventType "swiss"]
[EventRounds "9"]
[EventCountry "GRE"]
[SourceTitle "EXT 2015"]
[Source "ChessBase"]
[SourceDate "2014.11.20"]
[SourceVersion "1"]
[SourceVersionDate "2014.11.20"]
[SourceQuality "1"]

1. e4 c5 2. Nf3 a6 3. c3 e6 4. d4 d5 5. exd5 exd5 6. Be3 c4 7. b3 cxb3 8. Qxb3 Nf6 9. Nbd2 Nc6 10. Be2 Be7 11. Ne5 0-0 12. 0-0 Qc7 13. c4 Nxe5 14. dxe5 Qxe5 15. cxd5 Qxd5 16. Nc4 b5 17. Nb6 Qxb3 18. axb3 Rb8 19. Nxc8 Rfxc8 20. Ba7 Ra8 21. Rxa6 Bc5 22. Rfa1 Rxa7 23. Rxa7 Bxa7 24. Rxa7 Rc1+ 25. Bf1 g6 26. f3 Rb1 27. Rb7 Nd5 28. Kf2 Rb2+ 29. Kg3 Ne3 30. Bxb5 g5 31. Bc6 Rxg2+ 32. Kh3 h5 33. Re7 Re2 34. Re8+ Kg7 35. Bb5 Re1 36. Kg3 Nf5+ 37. Kf2 Rh1 38. Kg2 Rb1 39. Bc4 Rb2+ 40. Re2 Ne3+ 41. Kf2 Nxc4 42. bxc4 Rb4 43. Rc2 Kf6 44. c5 Ke7 45. c6 Kd8 46. Rc5 f6 47. h3 Kc7 48. Ke3 Rh4 49. Rf5 Rxh3 50. Rxf6 g4 51. Ke4 g3 52. Kd5 Rh1 53. Rf7+ Kc8 54. Rf8+ Kc7 55. Rf7+ Kb6 56. Rb7+ Ka6 57. Rb2 Rd1+ 58. Kc5 Rc1+ 59. Kd6 h4 60. c7 h3 61. Rb1 Rc4 62. Rb4 Rxc7 63. Kxc7 h2 64. Kc6 Ka5 65. Rb5+ Ka4 66. Rh5 g2 67. Rxh2 g1Q 68. Rh5 0-1

[Event "Ambelokipi op 138th"]
[Site "Athens"]
[Date "2013.11.02"]
[Round "7"]
[White "Koerant, Filipos"]
[Black "Ilandzis, Spyridon"]
[Result "1-0"]
[WhiteElo "1900"]
[BlackElo "2196"]
[PlyCount "77"]
[EventDate "2013.09.14"]
[EventType "swiss"]
[EventRounds "7"]
[EventCountry "GRE"]
[SourceTitle "EXT 2024"]
[Source "ChessBase"]
[SourceDate "2023.10.10"]
[SourceVersion "1"]
[SourceVersionDate "2023.10.10"]
[SourceQuality "1"]

1. d4 Nf6 2. Nf3 g6 3. c4 Bg7 4. Nc3 0-0 5. e4 d6 6. Be2 e5 7. 0-0 Nc6 8. d5 Ne7 9. Ne1 Nd7 10. Be3 f5 11. f3 f4 12. Bf2 g5 13. a4 a5 14. Nd3 b6 15. b4 axb4 16. Nxb4 h5 17. Nc6 Nxc6 18. dxc6 Nb8 19. a5 Rxa5 20. Rxa5 bxa5 21. Qd5+ Kh7 22. Rb1 Na6 23. Qxa5 Qe8 24. c5 Nxc5 25. Bxc5 dxc5 26. Qxc7 Rf6 27. Bb5 g4 28. Nd5 Rg6 29. Qe7 Qg8 30. fxg4 Bxg4 31. c7 Bf3 32. Be8 Rxg2+ 33. Kf1 Kh8 34. Bf7 Bxe4 35. Rb8 f3 36. Rxg8+ Kh7 37. Bg6+ Rxg6 38. Nf6+ Kh6 39. Nxe4 1-0

[Event "Petroupoli op"]
[Site "Petroupoli"]
[Date "2013.10.02"]
[Round "2"]
[White "Koerant, Filipos"]
[Black "Lemoni, Maria Ioanna"]
[Result "1/2-1/2"]
[WhiteElo "1900"]
[BlackElo "1523"]
[PlyCount "60"]
[EventDate "2013.09.25"]
[EventType "swiss"]
[EventRounds "7"]
[EventCountry "GRE"]
[SourceTitle "EXT 2014"]
[Source "ChessBase"]
[SourceDate "2013.11.20"]
[SourceVersion "1"]
[SourceVersionDate "2013.11.20"]
[SourceQuality "1"]

1. d4 Nf6 2. c4 e5 3. dxe5 Ng4 4. e3 Nxe5 5. Nh3 Bb4+ 6. Bd2 Bxd2+ 7. Qxd2 d6 8. Nf4 0-0 9. Be2 Bf5 10. Nc3 Ng6 11. Nxg6 Bxg6 12. 0-0 Nc6 13. Nd5 Ne7 14. Bf3 Nxd5 15. Bxd5 Qf6 16. b3 c6 17. Bf3 Rfe8 18. Rfd1 Rad8 19. Qd4 Qxd4 20. Rxd4 Kf8 21. Rad1 Ke7 22. h3 f6 23. b4 a6 24. a3 Rd7 25. R4d2 Bf7 26. c5 Red8 27. Kf1 Bb3 28. cxd6+ Rxd6 29. Rxd6 Rxd6 30. Rxd6 Kxd6 1/2-1/2

[Event "Nikaia op 21st"]
[Site "Nikaia"]
[Date "2013.09.02"]
[Round "9"]
[White "Gazis, Efstathios"]
[Black "Koerant, Filipos"]
[Result "1-0"]
[WhiteElo "2285"]
[BlackElo "1900"]
[PlyCount "77"]
[EventDate "2013.08.26"]
[EventType "swiss"]
[EventRounds "9"]
[EventCountry "GRE"]
[SourceTitle "CBM 156 Extra"]
[Source "ChessBase"]
[SourceDate "2013.10.22"]
[SourceVersion "1"]
[SourceVersionDate "2013.10.22"]
[SourceQuality "1"]

1. e4 c5 2. Nf3 d6 3. d4 cxd4 4. Nxd4 Nf6 5. Nc3 a6 6. Bg5 e6 7. f4 Be7 8. Qf3 h6 9. Bh4 Qc7 10. 0-0-0 Nbd7 11. Bd3 g5 12. fxg5 Ne5 13. Qe2 Nfg4 14. Nf3 Nxf3 15. Qxf3 Ne5 16. Qe2 hxg5 17. Bg3 Bd7 18. Qf2 Rh7 19. Be2 0-0-0 20. Kb1 Kb8 21. Rd2 Rc8 22. Rhd1 Bc6 23. h3 Ka8 24. Bh2 b5 25. a3 g4 26. Bxe5 dxe5 27. Bxg4 Qb7 28. Rd3 b4 29. axb4 Bxb4 30. Nd5 Bxd5 31. exd5 f5 32. Be2 Rhc7 33. Rb3 Rxc2 34. Qf1 Rxe2 35. Qxe2 a5 36. dxe6 a4 37. Rd7 Qb6 38. Rxb4 Qxb4 39. Qa6+ 1-0

[Event "Petroupoli ASOP Dias op"]
[Site "Petroupoli"]
[Date "2013.02.06"]
[Round "3.12"]
[White "Koerant, Filipos"]
[Black "Dionisopoulos, Zaharias"]
[Result "1-0"]
[WhiteElo "1955"]
[BlackElo "1924"]
[PlyCount "39"]
[EventDate "2013.01.23"]
[EventType "swiss"]
[EventRounds "7"]
[EventCountry "GRE"]
[SourceTitle "EXT 2024"]
[Source "ChessBase"]
[SourceDate "2023.10.10"]
[SourceVersion "1"]
[SourceVersionDate "2023.10.10"]
[SourceQuality "1"]

1. d4 Nf6 2. c4 g6 3. Nc3 Bg7 4. e4 d6 5. Be2 0-0 6. Nf3 c5 7. 0-0 cxd4 8. Nxd4 Bd7 9. Be3 Nc6 10. b3 Nxd4 11. Bxd4 Bc6 12. f3 a5 13. Qd2 Nd7 14. Rfd1 Bxd4+ 15. Qxd4 Nc5 16. e5 Qb6 17. exd6 Rad8 18. Nd5 Bxd5 19. dxe7 Rde8 20. exf8Q+ 1-0

[Event "Ambelokipi op 131th"]
[Site "Athens"]
[Date "2013.01.26"]
[Round "5"]
[White "Koutoukidis, Panagiotis"]
[Black "Koerant, Filipos"]
[Result "1-0"]
[WhiteElo "2187"]
[BlackElo "1955"]
[PlyCount "49"]
[EventDate "2013.01.12"]
[EventType "swiss"]
[EventRounds "7"]
[EventCountry "GRE"]
[SourceTitle "EXT 2024"]
[Source "ChessBase"]
[SourceDate "2023.10.10"]
[SourceVersion "1"]
[SourceVersionDate "2023.10.10"]
[SourceQuality "1"]

1. e4 d5 2. exd5 Qxd5 3. Nc3 Qd6 4. d4 Nf6 5. Nf3 g6 6. Ne5 c6 7. Bf4 Nd5 8. Nxd5 Qxd5 9. f3 e6 10. Bc4 Qa5+ 11. c3 Bg7 12. Qe2 0-0 13. h4 Nd7 14. h5 Nxe5 15. Bxe5 Bxe5 16. dxe5 b5 17. Bb3 b4 18. c4 Ba6 19. 0-0-0 Rad8 20. Rxd8 Rxd8 21. Qe3 Rd7 22. hxg6 hxg6 23. Qf4 f5 24. exf6 Qd8 25. c5 1-0

[Event "Ambelokipi op 131th"]
[Site "Athens"]
[Date "2013.01.19"]
[Round "3"]
[White "Dimitriou, Georgios"]
[Black "Koerant, Filipos"]
[Result "0-1"]
[WhiteElo "2106"]
[BlackElo "1955"]
[PlyCount "168"]
[EventDate "2013.01.12"]
[EventType "swiss"]
[EventRounds "7"]
[EventCountry "GRE"]
[SourceTitle "EXT 2024"]
[Source "ChessBase"]
[SourceDate "2023.10.10"]
[SourceVersion "1"]
[SourceVersionDate "2023.10.10"]
[SourceQuality "1"]

1. Nf3 c5 2. c4 Nf6 3. g3 b6 4. Bg2 Bb7 5. 0-0 e6 6. Nc3 Be7 7. d4 cxd4 8. Nxd4 Bxg2 9. Kxg2 Qc8 10. b3 a6 11. Bb2 Qb7+ 12. f3 d6 13. e4 Nbd7 14. a4 0-0 15. g4 Rfe8 16. Nde2 Bf8 17. Ng3 Red8 18. g5 Ne8 19. f4 f5 20. Qf3 g6 21. exf5 Qxf3+ 22. Rxf3 gxf5 23. Re1 Nc7 24. Nh5 b5 25. cxb5 axb5 26. axb5 Rdb8 27. Nf6+ Nxf6 28. gxf6 Kf7 29. Rh3 h6 30. Rhe3 Nxb5 31. Na4 Nc7 32. R1e2 Nd5 33. Rf3 Rb4 34. Kg3 Rab8 35. Nc3 Nxc3 36. Bxc3 Rxb3 37. Ra2 R8b7 38. Ra8 Rc7 39. Bd4 Rb4 40. Ba1 Rcb7 41. Kg2 Rb8 42. Ra7+ R4b7 43. Ra6 Rc8 44. Rg3 Rc2+ 45. Kh3 Rcc7 46. Bd4 Rd7 47. Ra8 e5 48. fxe5 dxe5 49. Bxe5 Ra7 50. Rc8 Ra5 51. Bc3 Rad5 52. Kg2 f4 53. Rg4 Rg5 54. Kf3 Rd3+ 55. Kxf4 Bd6+ 56. Ke4 Rxc3 57. Rxg5 Rxc8 58. Rg2 Kxf6 59. Kd5 Bf4 60. Ke4 Rc4+ 61. Kf3 Kf5 62. Re2 Rd4 63. Ra2 Rd3+ 64. Kg2 Kg4 65. Rf2 h5 66. Rf1 h4 67. h3+ Kg5 68. Rf3 Rd2+ 69. Rf2 Rd1 70. Rf1 Rd3 71. Rf3 Rd8 72. Rf2 Kf5 73. Ra2 Rd3 74. Ra5+ Be5 75. Ra4 Rg3+ 76. Kh1 Rxh3+ 77. Kg2 Rg3+ 78. Kh1 Bf4 79. Ra2 Rh3+ 80. Kg1 Kg4 81. Rg2+ Rg3 82. Kh1 Kf3 83. Ra2 Rh3+ 84. Kg1 Be3+ 0-1

[Event "Athens Smaok op 19th"]
[Site "Athens"]
[Date "2013.01.08"]
[Round "1"]
[White "Tepelenis, Nikolaos"]
[Black "Koerant, Filipos"]
[Result "1-0"]
[WhiteElo "2182"]
[BlackElo "1955"]
[PlyCount "95"]
[EventDate "2013.01.08"]
[EventType "swiss"]
[EventRounds "7"]
[EventCountry "GRE"]
[SourceTitle "EXT 2014"]
[Source "ChessBase"]
[SourceDate "2013.11.20"]
[SourceVersion "1"]
[SourceVersionDate "2013.11.20"]
[SourceQuality "1"]

1. e4 d5 2. exd5 Qxd5 3. Nc3 Qd6 4. d4 Nf6 5. Nf3 g6 6. Bg5 Bg7 7. Qd2 c6 8. 0-0-0 Bg4 9. Be2 0-0 10. a3 b5 11. Bf4 Qd8 12. d5 Qa5 13. dxc6 b4 14. Na2 Nxc6 15. Nxb4 Nxb4 16. Qxb4 Qxb4 17. axb4 Ne4 18. Rhf1 a5 19. b5 a4 20. Rd3 e5 21. Be3 f5 22. h3 Bh5 23. Rd7 a3 24. bxa3 Rxa3 25. Bc4+ Kh8 26. Kb2 Ra4 27. Kb3 f4 28. Kxa4 fxe3 29. Rxg7 Kxg7 30. fxe3 Rc8 31. Kb4 Nd6 32. Bb3 e4 33. Nd4 g5 34. Ne6+ Kh6 35. Rf6+ Bg6 36. Nd4 Rd8 37. Nc6 Rd7 38. Ne5 Rd8 39. Nc6 Rd7 40. Be6 Rb7 41. c4 Kg7 42. Rf1 Be8 43. Kc5 Nf7 44. Bxf7 Bxf7 45. Nd8 Rc7+ 46. Kd6 Bxc4 47. Kxc7 Bxf1 48. b6 1-0